000 00377nam a22001457a 4500
005 20180228111505.0
008 170817b xxu||||| |||| 00| 0 eng d
040 _cPK-LaUMT
082 _aZIAC 297.01
_bHIS-
100 _aM.M.Sharif
245 _aA history of Muslim philosophy/
_cM.M.Sharif
260 _aKarachi:
_bRoyal Book Company,
_c1963
300 _a787 p.
942 _cBK
999 _c97248
_d97248